000 00458nam a2200181Ia 4500
001 20649
005 20260306172821.0
008 260306t2006||||xx |||||||||||||| ||spa||
041 _aESP
082 _a343.6
_bF39
100 _aRamón Fernández, Tomás
_eAUT
245 0 _aDiscrecionalidad, arbitrariedad y control juridiccional
260 _c2006
300 _a404 páginas :
_c21 cm.
650 _aGEN
654 _aCDE
942 _cLIB
_dJUS
_fJUS
_2ddc
_n
999 _c20649
_d20649